Soil survey, York County, South Carolina. (Record no. 12020)

MARC details
000 -LEADER
fixed length control field 00923cam a22002411 4500
001 - CONTROL NUMBER
control field agr65000297
003 - CONTROL NUMBER IDENTIFIER
control field DLC
005 - DATE AND TIME OF LATEST TRANSACTION
control field 20260227111024.0
008 - FIXED-LENGTH DATA ELEMENTS--GENERAL INFORMATION
fixed length control field 780209s1965 dcuab f001 0 eng
010 ## - LIBRARY OF CONGRESS CONTROL NUMBER
LC control number agr65000297
035 ## - SYSTEM CONTROL NUMBER
System control number (OCoLC)3620965
040 ## - CATALOGING SOURCE
Original cataloging agency DLC
Transcribing agency MsHaU
Modifying agency OCoLC
-- DLC
042 ## - AUTHENTICATION CODE
Authentication code premarc
050 00 - LIBRARY OF CONGRESS CALL NUMBER
Classification number S591
Item number .A22 ser. 1961, no. 17
100 1# - MAIN ENTRY--PERSONAL NAME
Personal name Camp, Wallace Jefferson,
Dates associated with a name 1906-
245 10 - TITLE STATEMENT
Title Soil survey, York County, South Carolina.
Statement of responsibility, etc. [Report by Wallace J. Camp. Fieldwork by W. A. Davis and others.]
260 ## - PUBLICATION, DISTRIBUTION, ETC.
Place of publication, distribution, etc. Washington]
Name of publisher, distributor, etc. U.S. Dept. of Agriculture, Soil Conservation Service,
Date of publication, distribution, etc. 1965.
300 ## - PHYSICAL DESCRIPTION
Extent i, 113 p.
Other physical details illus., maps (part fold. col.)
Dimensions 28 cm.
410 10 - SERIES STATEMENT/ADDED ENTRY--CORPORATE NAME [OBSOLETE, CAN/MARC], [LOCAL, USA]
Corporate name or jurisdiction name as entry element United States.
Subordinate unit Soil Conservation Service.
Title of a work Soil survey, ser. 1961,
Volume number/sequential designation no. 17
504 ## - BIBLIOGRAPHY, ETC. NOTE
Bibliography, etc. note "Literature cited": p. 106-107.
650 #0 - SUBJECT ADDED ENTRY--TOPICAL TERM
Topical term or geographic name entry element Soil surveys
Geographic subdivision South Carolina
-- York County.
700 1# - ADDED ENTRY--PERSONAL NAME
Personal name Davis, William Anderson,
Dates associated with a name 1893-

No items available.

Powered by Koha